Derecho Administrativo Económico

Shranjeno v:
Bibliografske podrobnosti
Glavni avtor: Rivero Ortega, Ricardo (autor)
Format: Neznan
Jezik:angleščina
španščina
Izdano: Madrid, España Marcial Pons 2018
Izdaja:Octava edición
Serija:Manuales Universitarios
Teme:
Oznake: Označite
Brez oznak, prvi označite!

MARC

LEADER 00000 a2200000 4500
003 CL-VaPUC
005 20240502103622.0
008 200113b ||||| |||| 00| 0 eng d
999 |c 376035  |d 376033 
020 |a 9788491235576 
040 |c Pontificia Universidad Católica de Valparaíso 
041 0 |a spa 
082 |a 342.06 RIV 2018 
100 |a Rivero Ortega, Ricardo  |e autor  |9 604962 
245 1 0 |a Derecho Administrativo Económico 
250 |a Octava edición 
260 3 |b Marcial Pons  |c 2018  |a Madrid, España 
300 |a 192 p 
490 0 0 |a Manuales Universitarios 
505 0 |a Tema 1. El derecho administrativo económico. Tema 2. La ordenación pública de la economía: sistema de fuentes. Tema 3. Descentralización y administración económica. Tema 4. Principio de legalidad, potestades de intervención económica y expresiones de la voluntad administrativa. Tema 5. Estado de Derecho: derechos y garantías frente a la intervención administrativa económica. Tema 6. Estado social: derechos que demandan la intervención administrativa económica. Tema 7. Formas de intervención administrativa económica (I): policia, limitación o control. Tema 8. Formas de intervención administrativa económica (II): incentivo o estímulo. Tema 9. Formas de intervención administrativa económica (III): prestación o servicio público. Tema 10. La iniciativa pública económica. 
583 |k Hugo Gaete  |c 20200113 
650 0 0 |a Derecho administrativo económico  |9 605725 
650 0 0 |a Derecho económico   |9 259197 
650 0 0 |a INTERVENCION ADMINISTRATIVA ECONOMICA  |9 605726 
942 |2 ddc  |c BK 
952 |0 0  |1 0  |2 ddc  |4 0  |6 342_060000000000000_RIV_2018  |7 0  |9 495208  |a BIBDER  |b BIBDER  |d 2019-12-27  |e 36  |g 16939.00  |i 556834K  |l 6  |o 342.06 RIV 2018  |p 556834K  |r 2024-12-19  |s 2024-12-19  |t 1  |v 16939.00  |w 2019-12-27  |y BK  |k DER